000 00251nam a2200109Ia 4500
100 _aKhanna/ P. N.
942 _cBK
654 _aHandbook
245 _aCivil engineers handbook
260 _bEngineering publishers
_aNew Delhi
_c1979
546 _aENGLISH
999 _c23189
_d23189